[Event "EU-ch Rapid"]
[Site "Zagreb"]
[Date "2023.12.14"]
[Round "1"]
[White "Rogic, Davor"]
[Black "Sop, Selen"]
[Result "1-0"]
[WhiteElo "2431"]
[BlackElo "1950"]
[PlyCount "83"]
[EventDate "2023.12.14"]
[EventType "swiss (rapid)"]
[EventRounds "11"]
[EventCountry "CRO"]
[SourceTitle "CB51_2023"]
[SourceDate "2023.12.20"]
[SourceVersion "1"]
[SourceVersionDate "2023.12.20"]
[SourceQuality "1"]

1. e4 c5 2. Nf3 d6 3. d4 cxd4 4. Nxd4 Nf6 5. Nc3 a6 6. h3 e5 7. Nf3 Be7 8. g4 Be6 9. g5 Nfd7 10. Be3 Nb6 11. h4 Nc6 12. Qd2 Nc4 13. Bxc4 Bxc4 14. Nd5 Bxd5 15. Qxd5 Nb4 16. Qb3 Nc6 17. Bb6 Qd7 18. 0-0-0 a5 19. a4 Ra6 20. h5 Rf8 21. Be3 Nb4 22. Nxe5 Qc7 23. Nc4 Rc6 24. Na3 f6 25. g6 h6 26. Bxh6 gxh6 27. g7 f5 28. gxf8Q+ Kxf8 29. exf5 Bg5+ 30. Kb1 Qd7 31. Rh3 d5 32. Rf3 Qf7 33. c3 Qxh5 34. cxb4 axb4 35. Nb5 Bf6 36. Qxb4+ Be7 37. Qb3 Rc4 38. Rxd5 Rb4 39. Rd8+ Kg7 40. Qg8+ Kf6 41. Qe6+ Kg5 42. Rg8+ 1-0

[Event "EU-ch Rapid"]
[Site "Katowice"]
[Date "2022.12.18"]
[Round "7"]
[White "Budrewicz, Krzysztof"]
[Black "Sop, Selen"]
[Result "1-0"]
[WhiteElo "2184"]
[BlackElo "1950"]
[PlyCount "43"]
[EventDate "2022.12.17"]
[EventType "swiss (rapid)"]
[EventRounds "11"]
[EventCountry "POL"]
[SourceTitle "CBM 211 Extra"]
[Source "ChessBase"]
[SourceDate "2023.01.31"]
[SourceVersion "1"]
[SourceVersionDate "2023.01.31"]
[SourceQuality "1"]

1. d4 Nf6 2. c4 e6 3. Nf3 b6 4. g3 Ba6 5. Qc2 Bb4+ 6. Bd2 Be7 7. Bg2 c6 8. 0-0 0-0 9. a4 d5 10. b3 Ne4 11. Bf4 g5 12. Be3 f5 13. Ne5 f4 14. Bc1 fxg3 15. hxg3 Nxf2 16. Rxf2 Rxf2 17. Kxf2 dxc4 18. Be3 cxb3 19. Qxb3 Qf8+ 20. Kg1 Qf5 21. Nc3 c5 22. Rf1 1-0

[Event "EU-ch Rapid"]
[Site "Katowice"]
[Date "2022.12.18"]
[Round "11"]
[White "Paszewski, Mateusz"]
[Black "Sop, Selen"]
[Result "1-0"]
[WhiteElo "2282"]
[BlackElo "1950"]
[PlyCount "52"]
[EventDate "2022.12.17"]
[EventType "swiss (rapid)"]
[EventRounds "11"]
[EventCountry "POL"]
[SourceTitle "CBM 211 Extra"]
[Source "ChessBase"]
[SourceDate "2023.01.31"]
[SourceVersion "1"]
[SourceVersionDate "2023.01.31"]
[SourceQuality "1"]

1. d4 Nf6 2. Bf4 d5 3. Nf3 c6 4. e3 Qb6 5. Qc1 Bf5 6. Be2 Na6 7. 0-0 h6 8. a3 g5 9. Be5 Rg8 10. c4 Ne4 11. Nfd2 f6 12. Nxe4 fxe5 13. Ng3 Be6 14. Bh5+ Kd8 15. cxd5 cxd5 16. dxe5 Bg7 17. Nc3 Bxe5 18. Qd2 Rc8 19. Nxd5 Qxb2 20. Qa5+ b6 21. Qxa6 Bxd5 22. Rad1 Rc5 23. e4 e6 24. exd5 exd5 25. Ne4 Rc2 26. Rxd5+ Ke7 1-0

[Event "EU-ch Rapid"]
[Site "Katowice"]
[Date "2022.12.17"]
[Round "5"]
[White "Cukrowski, Filip"]
[Black "Sop, Selen"]
[Result "1-0"]
[WhiteElo "2402"]
[BlackElo "1950"]
[PlyCount "53"]
[EventDate "2022.12.17"]
[EventType "swiss (rapid)"]
[EventRounds "11"]
[EventCountry "POL"]
[SourceTitle "CBM 211 Extra"]
[Source "ChessBase"]
[SourceDate "2023.01.31"]
[SourceVersion "1"]
[SourceVersionDate "2023.01.31"]
[SourceQuality "1"]

1. d4 d5 2. Nf3 Nf6 3. c4 c6 4. g3 g6 5. Bg2 Bg7 6. 0-0 0-0 7. cxd5 cxd5 8. Nc3 b6 9. Bf4 Bb7 10. Rc1 Nh5 11. Be3 Nd7 12. Qd2 Re8 13. Ne5 Nf8 14. g4 Nf6 15. f4 Ne4 16. Nxe4 dxe4 17. f5 f6 18. Nc6 Qd5 19. Qc2 e5 20. Bxe4 Qxa2 21. dxe5 Bxc6 22. Qxc6 Qxb2 23. Qc4+ Kh8 24. Bxa8 Rxa8 25. Bd4 b5 26. Bxb2 bxc4 27. exf6 1-0

[Event "EU-ch Blitz"]
[Site "Katowice"]
[Date "2022.12.16"]
[Round "8"]
[White "Plaskan, Jure"]
[Black "Sop, Selen"]
[Result "1-0"]
[WhiteElo "2241"]
[BlackElo "1950"]
[PlyCount "67"]
[EventDate "2022.12.16"]
[EventType "swiss (blitz)"]
[EventRounds "22"]
[EventCountry "POL"]
[SourceTitle "CBM 211 Extra"]
[Source "ChessBase"]
[SourceDate "2023.01.31"]
[SourceVersion "1"]
[SourceVersionDate "2023.01.31"]
[SourceQuality "1"]

1. e4 c5 2. Nf3 d6 3. d4 cxd4 4. Nxd4 Nf6 5. Nc3 a6 6. Bc4 e6 7. a4 Nc6 8. Be3 Be7 9. 0-0 Rb8 10. Qe2 Bd7 11. Nxc6 Bxc6 12. a5 Qc8 13. f3 0-0 14. Rfd1 Re8 15. Bb3 Bf8 16. Bf4 Rd8 17. Kh1 b5 18. axb6 Rxb6 19. Be3 Rb4 20. Qxa6 Bb7 21. Qa5 d5 22. Na2 Rxb3 23. cxb3 Rd6 24. e5 Ra6 25. Qc3 Qxc3 26. Nxc3 Nd7 27. Rxa6 Bxa6 28. Bd4 Bb4 29. Ra1 Bb7 30. Ra7 Bc6 31. Rc7 Bxc3 32. bxc3 Bb5 33. Rc8+ Nf8 34. Bc5 1-0

[Event "Motiva Online Blitz (Women)"]
[Site "Chess.com INT"]
[Date "2021.12.18"]
[Round "12"]
[White "Sop, Selen"]
[Black "Zikunova, Valeria"]
[Result "1-0"]
[WhiteElo "1950"]
[BlackElo "1825"]
[PlyCount "75"]
[EventDate "2021.12.18"]
[EventType "swiss (blitz)"]
[EventRounds "13"]
[EventCountry "USA"]
[SourceTitle "CBM 205 Extra"]
[Source "ChessBase"]
[SourceDate "2022.01.31"]
[SourceVersion "1"]
[SourceVersionDate "2022.01.31"]
[SourceQuality "1"]

1. c4 e5 2. g3 Nf6 3. Bg2 c6 4. Nc3 d5 5. cxd5 cxd5 6. d4 e4 7. e3 Be7 8. Nge2 0-0 9. 0-0 Bg4 10. h3 Be6 11. Nf4 Qd7 12. Nxe6 fxe6 13. a4 Nc6 14. a5 e5 15. dxe5 Nxe5 16. a6 bxa6 17. Ra5 Nf3+ 18. Kh1 Bb4 19. Nxd5 Qf5 20. Ne7+ Bxe7 21. Rxf5 Rad8 22. Qb3+ Kh8 23. Bxf3 exf3 24. Rxf3 h6 25. Qe6 Bb4 26. Rf4 Rd6 27. Qc4 a5 28. b3 Rfd8 29. Bb2 Nd5 30. Rf7 Nf6 31. e4 Rd2 32. Bxf6 gxf6 33. Rxf6 Be7 34. Rxh6+ Kg7 35. Qe6 R2d6 36. Rg6+ Kh7 37. Qf7+ Kh8 38. Qg7# 1-0

[Event "EU-ch University (Women) 1st"]
[Site "Yerevan"]
[Date "2015.10.09"]
[Round "7"]
[White "Sop, Selen"]
[Black "Voit, Daria"]
[Result "0-1"]
[WhiteElo "1936"]
[BlackElo "2364"]
[PlyCount "166"]
[EventDate "2015.10.07"]
[EventType "swiss"]
[EventRounds "9"]
[EventCountry "ARM"]
[SourceTitle "CBM 168 Extra"]
[Source "ChessBase"]
[SourceDate "2015.10.29"]
[SourceVersion "1"]
[SourceVersionDate "2015.10.29"]
[SourceQuality "1"]

1. c4 e5 2. Nc3 Nf6 3. g3 d5 4. cxd5 Nxd5 5. Bg2 Nb6 6. Nf3 Nc6 7. 0-0 Be7 8. d3 0-0 9. a3 Be6 10. Rb1 f5 11. b4 Bf6 12. Bb2 a6 13. Nd2 Qd6 14. Nb3 Nd7 15. b5 Nd4 16. Nd2 Nxb5 17. Nxb5 axb5 18. Bxb7 Rab8 19. Bg2 Nc5 20. Qc2 Na4 21. Qc6 Qxc6 22. Bxc6 Rb6 23. Rfc1 Rfb8 24. Ba1 Ba2 25. Rb4 Be7 26. Bxe5 Bxb4 27. axb4 Rc8 28. Bd7 Rd8 29. Bxf5 Rf8 30. Bg4 c6 31. Rc2 Bd5 32. e4 Bf7 33. Bd6 Re8 34. e5 Bd5 35. Nf1 Ra6 36. f3 Nb6 37. Ne3 Kf7 38. Nf5 h5 39. Bh3 Ra1+ 40. Kf2 Ra2 41. Rxa2 Bxa2 42. Bc5 Nc8 43. Nd6+ Nxd6 44. Bxd6 Be6 45. Bg2 Ra8 46. Bf1 Ra2+ 47. Ke3 Rxh2 48. f4 g6 49. Be2 Bd5 50. Bf3 Bxf3 51. Kxf3 Ke6 52. Bc5 Kf5 53. Bd6 Rh1 54. Be7 Rd1 55. Ke2 Ra1 56. Kf3 Ra3 57. Ke3 Kg4 58. Bh4 Kf5 59. Be7 Ra1 60. Kf3 Ke6 61. Bc5 Kd5 62. Ke3 Rh1 63. Kf3 Ke6 64. Kf2 g5 65. fxg5 Kxe5 66. Kg2 Rd1 67. d4+ Kf5 68. Kh3 Kxg5 69. Be7+ Kf5 70. Bc5 Rd2 71. Bb6 Re2 72. Bc5 Re4 73. Bb6 Ke6 74. Bc5 Kd5 75. Bb6 Kc4 76. Bc5 Rg4 77. Be7 Kxd4 78. Bd6 Kc3 79. Bc5 Rxb4 80. Bxb4+ Kxb4 81. Kh4 c5 82. Kxh5 c4 83. g4 c3 0-1

[Event "TUR-chT"]
[Site "Kocaeli"]
[Date "2014.08.28"]
[Round "12.6"]
[White "Sop, Selen"]
[Black "Abdumalik, Zhansaya"]
[Result "0-1"]
[WhiteElo "1961"]
[BlackElo "2333"]
[PlyCount "94"]
[EventDate "2014.08.18"]
[EventType "team-tourn"]
[EventRounds "13"]
[EventCountry "TUR"]
[SourceTitle "CBM 162 Extra"]
[Source "ChessBase"]
[SourceDate "2014.10.17"]
[SourceVersion "1"]
[SourceVersionDate "2014.10.17"]
[SourceQuality "1"]
[WhiteTeam "Ankara Demirspor"]
[BlackTeam "Istanbul Teknik Uni"]
[WhiteTeamCountry "TUR"]
[BlackTeamCountry "TUR"]

1. e4 e6 2. d4 d5 3. e5 c5 4. c3 Nc6 5. Nf3 Qb6 6. a3 Nh6 7. b4 cxd4 8. cxd4 Nf5 9. Be3 Bd7 10. Bd3 Nxe3 11. fxe3 f5 12. 0-0 Be7 13. Nc3 Qd8 14. Rc1 0-0 15. Ne1 Rc8 16. Rf3 Bg5 17. Ne2 Qb6 18. Kh1 Nb8 19. Rxc8 Rxc8 20. Rh3 h6 21. Bb1 Qa6 22. Rf3 Be8 23. Bd3 Qxa3 24. Nc2 Qb2 25. Qf1 Rxc2 26. Bxc2 Qxc2 27. h4 Bxh4 28. Nf4 Bd7 29. Ng6 Bg5 30. g4 Qe4 31. Kh2 Qxg4 32. Nf4 Bxf4+ 33. Rxf4 Qh5+ 34. Kg2 g5 35. Rf3 g4 36. Rg3 Qg5 37. Qc1 Kh7 38. Qc7 Qg8 39. Kh2 h5 40. Rg2 h4 41. Qd6 g3+ 42. Kh1 Qe8 43. Rc2 h3 44. Rc7 Kh6 45. Rxb7 g2+ 46. Kg1 Qg8 47. Rxb8 h2+ 0-1

[Event "TUR-chT"]
[Site "Kocaeli"]
[Date "2014.08.18"]
[Round "1.6"]
[White "Soylemez, Cansu"]
[Black "Sop, Selen"]
[Result "0-1"]
[WhiteElo "1919"]
[BlackElo "1961"]
[PlyCount "106"]
[EventDate "2014.08.18"]
[EventType "team-tourn"]
[EventRounds "13"]
[EventCountry "TUR"]
[SourceTitle "CBM 162 Extra"]
[Source "ChessBase"]
[SourceDate "2014.10.17"]
[SourceVersion "1"]
[SourceVersionDate "2014.10.17"]
[SourceQuality "1"]
[WhiteTeam "Besiktas Jimnastik"]
[BlackTeam "Ankara Demirspor"]
[WhiteTeamCountry "TUR"]
[BlackTeamCountry "TUR"]

1. d4 Nf6 2. c4 g6 3. Nf3 Bg7 4. g3 0-0 5. Bg2 d6 6. 0-0 Nbd7 7. Nc3 c6 8. h3 Re8 9. e4 e5 10. d5 Nc5 11. Qc2 a5 12. Be3 cxd5 13. cxd5 b6 14. Bxc5 bxc5 15. Nd2 Ba6 16. Rfe1 Nh5 17. Nd1 Rf8 18. Ne3 Bc8 19. Qd1 Bd7 20. Ndc4 Be8 21. Bf3 Nf6 22. Qd2 a4 23. b4 axb3 24. axb3 Rb8 25. Ra6 Bb5 26. Ra7 Ne8 27. Qc2 Nc7 28. Rea1 h5 29. Bg2 h4 30. g4 Bh6 31. Qc3 Bxc4 32. bxc4 Rb6 33. Nf1 Qe7 34. Nd2 Rfb8 35. Qc2 Rb2 36. Qa4 Bxd2 37. Qc6 Qf6 38. Qxc7 Ba5 39. Qxf7+ Qxf7 40. Rxf7 Kxf7 41. Rxa5 Rb1+ 42. Bf1 Rc1 43. Kg2 Rbb1 44. Ra7+ Kf6 45. Bd3 Rb3 46. Bf1 Rd1 47. Rd7 Rbb1 48. Rxd6+ Kf7 49. f4 Rxf1 50. fxe5 Rf4 51. e6+ Ke8 52. Rc6 Rb2+ 53. Kg1 Rxe4 0-1

[Event "EU-ch (Women) 15th"]
[Site "Plovdiv"]
[Date "2014.07.15"]
[Round "9"]
[White "Sop, Selen"]
[Black "Nevioselaya, Maria"]
[Result "1-0"]
[WhiteElo "1970"]
[BlackElo "2039"]
[PlyCount "99"]
[EventDate "2014.07.06"]
[EventType "swiss"]
[EventRounds "11"]
[EventCountry "BUL"]
[SourceTitle "CBM 162"]
[Source "ChessBase"]
[SourceDate "2014.09.17"]
[SourceVersion "1"]
[SourceVersionDate "2014.09.17"]
[SourceQuality "1"]

1. e4 c6 2. d4 d5 3. Nc3 dxe4 4. Nxe4 Bf5 5. Ng3 Bg6 6. N1e2 e6 7. Nf4 Bd6 8. c3 Nf6 9. h4 Bxf4 10. Bxf4 h6 11. h5 Bh7 12. Be2 0-0 13. Nf1 Nd5 14. Bg3 Nd7 15. Nd2 Re8 16. Nf3 N7f6 17. Ne5 Ne4 18. Bh4 Qb6 19. Qb3 Qc7 20. f3 Nc5 21. Qa3 Nd7 22. Nxd7 Qxd7 23. Kf2 e5 24. dxe5 Rxe5 25. Bg3 Re6 26. Rad1 Qe8 27. Bc4 b5 28. Bxd5 Re2+ 29. Kg1 cxd5 30. Kh2 Qe3 31. Rhf1 Qg5 32. Qd6 Rd8 33. Qc6 Qxh5+ 34. Kg1 Qf5 35. Rde1 Rxe1 36. Rxe1 Bg6 37. Qxb5 Kh7 38. a3 Qg5 39. Bf2 h5 40. Qb7 Qd2 41. Qc7 Ra8 42. b4 Qa2 43. Qb7 Rd8 44. Qxa7 Rc8 45. Bd4 h4 46. Qe7 Qxa3 47. Qxh4+ Kg8 48. Qg5 Qb3 49. Qe5 f6 50. Qe6+ 1-0

[Event "EU-ch (Women) 15th"]
[Site "Plovdiv"]
[Date "2014.07.10"]
[Round "5"]
[White "Sop, Selen"]
[Black "Paramzina, Anastasya"]
[Result "0-1"]
[WhiteElo "1970"]
[BlackElo "2117"]
[PlyCount "82"]
[EventDate "2014.07.06"]
[EventType "swiss"]
[EventRounds "11"]
[EventCountry "BUL"]
[SourceTitle "CBM 162"]
[Source "ChessBase"]
[SourceDate "2014.09.17"]
[SourceVersion "1"]
[SourceVersionDate "2014.09.17"]
[SourceQuality "1"]

1. e4 c5 2. Nf3 d6 3. Bb5+ Bd7 4. Bxd7+ Qxd7 5. c4 Nc6 6. Nc3 Nf6 7. d4 cxd4 8. Nxd4 g6 9. f3 Bg7 10. Be3 0-0 11. 0-0 Rfc8 12. b3 Qd8 13. Nde2 a6 14. Rc1 Nd7 15. Qd2 Rab8 16. a4 Na5 17. Rb1 b6 18. Bh6 Bxh6 19. Qxh6 Qf8 20. Qg5 Nc6 21. f4 Qg7 22. Rbd1 Rb7 23. Rf3 Nc5 24. Qg4 Rf8 25. Nd5 b5 26. axb5 axb5 27. b4 Ne6 28. cxb5 Rxb5 29. Rc3 Ned8 30. Qh4 f5 31. exf5 Rxf5 32. Ne3 Rf8 33. f5 Rxb4 34. Qh3 Nd4 35. Nxd4 Rxd4 36. Rdc1 Qe5 37. Ng4 Qf4 38. fxg6 hxg6 39. Nh6+ Kg7 40. Rc7 Qf2+ 41. Kh1 Qf1+ 0-1

[Event "EU-ch (Women) 15th"]
[Site "Plovdiv"]
[Date "2014.07.06"]
[Round "1"]
[White "Sop, Selen"]
[Black "Videnova, Iva"]
[Result "0-1"]
[WhiteElo "1970"]
[BlackElo "2315"]
[PlyCount "79"]
[EventDate "2014.07.06"]
[EventType "swiss"]
[EventRounds "11"]
[EventCountry "BUL"]
[SourceTitle "CBM 162"]
[Source "ChessBase"]
[SourceDate "2014.09.17"]
[SourceVersion "1"]
[SourceVersionDate "2014.09.17"]
[SourceQuality "1"]

1. e4 c5 2. Nf3 d6 3. d4 cxd4 4. Nxd4 Nf6 5. Nc3 g6 6. Be3 Bg7 7. f3 Nc6 8. Qd2 0-0 9. g4 Be6 10. Nxe6 fxe6 11. 0-0-0 Ne5 12. Be2 Rc8 13. Nb5 Qd7 14. h4 Nxf3 15. Bxf3 Qxb5 16. Bd4 Nd7 17. Bxg7 Kxg7 18. Be2 Qe5 19. Kb1 h6 20. h5 g5 21. Rhf1 Nc5 22. Bd3 b6 23. Rde1 Rxf1 24. Rxf1 Rf8 25. Rxf8 Kxf8 26. a3 Qd4 27. Qe2 Kg7 28. e5 d5 29. Bg6 Ne4 30. Qb5 Nd2+ 31. Kc1 Qe3 32. Kd1 Nc4 33. Qb4 Qc5 34. Qe1 Qd4+ 35. Bd3 Nxb2+ 36. Kc1 Nxd3+ 37. cxd3 Qxd3 38. Kb2 Qd4+ 39. Kb1 Qxg4 40. Qb4 0-1

[Event "Mediterranean-ch U20"]
[Site "Crete"]
[Date "2013.09.01"]
[Round "8"]
[White "Georgantas, Antonios"]
[Black "Sop, Selen"]
[Result "1-0"]
[WhiteElo "1785"]
[BlackElo "2025"]
[PlyCount "89"]
[EventDate "2013.08.27"]
[EventType "swiss"]
[EventRounds "9"]
[EventCountry "GRE"]
[SourceTitle "CBM 156 Extra"]
[Source "ChessBase"]
[SourceDate "2013.10.22"]
[SourceVersion "1"]
[SourceVersionDate "2013.10.22"]
[SourceQuality "1"]

1. e4 c5 2. Nf3 d6 3. d4 cxd4 4. Nxd4 Nf6 5. Nc3 a6 6. Bg5 e6 7. f4 Be7 8. Qf3 h6 9. Bh4 Nbd7 10. 0-0-0 g5 11. fxg5 Ne5 12. gxf6 Nxf3 13. fxe7 Qa5 14. gxf3 Rg8 15. Rg1 Rxg1 16. Bb5+ axb5 17. Rxg1 f6 18. Ndxb5 Kxe7 19. Rg7+ Kf8 20. Bxf6 Qb6 21. Bd4 Qxd4 22. Nxd4 Kxg7 23. a3 Bd7 24. Kd2 Kf6 25. Ke3 Rg8 26. Kf2 h5 27. h4 Ke5 28. Nde2 Bc6 29. Ng3 Be8 30. Nd1 Kd4 31. Ne2+ Kc5 32. Nf4 Bf7 33. Nd3+ Kb6 34. Ne3 Rc8 35. Nf4 Kb5 36. Ke2 e5 37. Nfd5 Bxd5 38. exd5 Rf8 39. b3 Kc5 40. c4 Kd4 41. Ng2 Kc3 42. Ke3 Kxb3 43. Ke4 Kxc4 44. f4 exf4 45. Nxf4 1-0

[Event "Mediterranean-ch U20"]
[Site "Crete"]
[Date "2013.08.28"]
[Round "3"]
[White "Sop, Selen"]
[Black "Asan, Elvan"]
[Result "1/2-1/2"]
[WhiteElo "2025"]
[BlackElo "1831"]
[PlyCount "87"]
[EventDate "2013.08.27"]
[EventType "swiss"]
[EventRounds "9"]
[EventCountry "GRE"]
[SourceTitle "CBM 156 Extra"]
[Source "ChessBase"]
[SourceDate "2013.10.22"]
[SourceVersion "1"]
[SourceVersionDate "2013.10.22"]
[SourceQuality "1"]

1. c4 c6 2. Nf3 d5 3. Qc2 e6 4. g3 Bd6 5. Bg2 f5 6. 0-0 Nf6 7. d4 Nbd7 8. Bf4 Bxf4 9. gxf4 Ne4 10. Nbd2 0-0 11. Ne1 Qh4 12. e3 Rf6 13. Ndf3 Qh5 14. b4 Rh6 15. cxd5 exd5 16. h3 Rg6 17. Kh2 Ndf6 18. Ne5 Ng4+ 19. Kh1 Rh6 20. Kg1 Be6 21. Qb2 g5 22. f3 Nxe3 23. fxe4 fxe4 24. f5 Bxf5 25. Rf2 Bxh3 26. Qe2 Qxe2 27. Rxe2 Nxg2 28. Nxg2 Be6 29. Rf1 Rf8 30. Rxf8+ Kxf8 31. Ne3 Rh3 32. Kg2 Rh4 33. Re1 Rf4 34. a4 Kg7 35. Rh1 h6 36. a5 Rf8 37. Ra1 Rb8 38. Rc1 a6 39. Rh1 Rh8 40. Rf1 Rf8 41. Rh1 Rh8 42. Rc1 h5 43. Rf1 Rf8 44. Rh1 1/2-1/2

[Event "TUR-chT"]
[Site "Denizli"]
[Date "2013.07.06"]
[Round "8.8"]
[White "Soylemez, Cansu"]
[Black "Sop, Selen"]
[Result "1/2-1/2"]
[WhiteElo "1938"]
[BlackElo "2025"]
[PlyCount "95"]
[EventDate "2013.06.29"]
[EventType "team-tourn"]
[EventRounds "13"]
[EventCountry "TUR"]
[SourceTitle "CBM 155 Extra"]
[Source "ChessBase"]
[SourceDate "2013.08.26"]
[SourceVersion "1"]
[SourceVersionDate "2013.08.26"]
[SourceQuality "1"]
[WhiteTeam "Besiktas Jimnastik"]
[BlackTeam "Aliaga Genclik"]
[WhiteTeamCountry "TUR"]
[BlackTeamCountry "TUR"]

1. d4 d5 2. c4 c6 3. Nc3 Nf6 4. Nf3 dxc4 5. a4 Bf5 6. Ne5 e6 7. f3 c5 8. e4 Bg6 9. Be3 cxd4 10. Qxd4 Qxd4 11. Bxd4 Nfd7 12. Nxd7 Nxd7 13. Bxc4 a6 14. 0-0 Rc8 15. b3 Bc5 16. Ne2 Ke7 17. Kh1 Bxd4 18. Nxd4 Rhd8 19. Rfd1 Nb6 20. Bf1 e5 21. Ne2 Rxd1 22. Rxd1 f6 23. Ng3 Rc3 24. Rd3 Rc1 25. Kg1 Nd7 26. Ne2 Ra1 27. Ng3 Nc5 28. Rc3 Kd6 29. Kf2 Ne6 30. Bc4 Nd4 31. Bd5 Ra2+ 32. Kf1 b5 33. axb5 axb5 34. Rc8 Rb2 35. Rc3 Be8 36. Re3 f5 37. Rd3 f4 38. Nf5+ Nxf5 39. exf5 Ke7 40. Be6 g6 41. Rc3 gxf5 42. Bxf5 b4 43. Rc7+ Kf6 44. Bxh7 Bb5+ 45. Kg1 Rxb3 46. h4 Ra3 47. Rb7 Ra5 48. Be4 1/2-1/2

[Event "Wch U18 Girls"]
[Site "Maribor"]
[Date "2012.11.18"]
[Round "11.11"]
[White "Efroimski, Marsel"]
[Black "Sop, Selen"]
[Result "1-0"]
[WhiteElo "2168"]
[BlackElo "2038"]
[PlyCount "51"]
[EventDate "2012.11.08"]
[EventType "swiss"]
[EventRounds "11"]
[EventCountry "SLO"]
[SourceTitle "EXT 2013"]
[Source "ChessBase"]
[SourceDate "2012.11.22"]
[SourceVersion "1"]
[SourceVersionDate "2012.11.22"]
[SourceQuality "1"]

1. e4 c5 2. Nf3 d6 3. d4 cxd4 4. Nxd4 Nf6 5. Nc3 a6 6. Bg5 e6 7. f4 Be7 8. Qf3 Qc7 9. 0-0-0 Nbd7 10. g4 h6 11. Bxf6 Bxf6 12. h4 Qb6 13. Nb3 Be7 14. Kb1 Qc7 15. g5 hxg5 16. hxg5 Rxh1 17. Qxh1 Nf8 18. Qg1 Bd7 19. f5 b5 20. g6 fxg6 21. fxe6 Bxe6 22. Nd4 Qc5 23. Qg2 Bf7 24. e5 Rc8 25. exd6 Qxd6 26. Ndxb5 1-0

[Event "Wch U18 Girls"]
[Site "Maribor"]
[Date "2012.11.09"]
[Round "2.20"]
[White "Pereira, Susana Martins"]
[Black "Sop, Selen"]
[Result "0-1"]
[WhiteElo "1571"]
[BlackElo "2038"]
[PlyCount "74"]
[EventDate "2012.11.08"]
[EventType "swiss"]
[EventRounds "11"]
[EventCountry "SLO"]
[SourceTitle "EXT 2013"]
[Source "ChessBase"]
[SourceDate "2012.11.22"]
[SourceVersion "1"]
[SourceVersionDate "2012.11.22"]
[SourceQuality "1"]

1. e4 c5 2. Nf3 d6 3. d4 cxd4 4. Nxd4 Nf6 5. Nc3 a6 6. a4 e5 7. Nb3 Be6 8. Be2 Be7 9. Be3 0-0 10. a5 Nbd7 11. 0-0 Rc8 12. f3 Qc7 13. Bd3 Nc5 14. Nxc5 dxc5 15. Nd5 Bxd5 16. exd5 c4 17. Bf5 Rcd8 18. Qe2 Nxd5 19. Kh1 g6 20. Bh3 Nxe3 21. Qxe3 Rd5 22. Qc3 Bg5 23. Ra4 Rc5 24. g3 Rd8 25. Rf2 Rd1+ 26. Bf1 Qc6 27. Ra3 Qd5 28. b4 Rc7 29. Kg2 Bd2 30. Qb2 Bc1 31. Qc3 Bxa3 32. Qxa3 Qd4 33. c3 Qe3 34. Qb2 Rcd7 35. Kh3 R1d2 36. Rxd2 Rxd2 37. Qb1 Qh6+ 0-1

[Event "Wch U18 Girls"]
[Site "Maribor"]
[Date "2012.11.08"]
[Round "1.32"]
[White "Sop, Selen"]
[Black "Tuzi, Bruna"]
[Result "1/2-1/2"]
[WhiteElo "2038"]
[BlackElo "1598"]
[PlyCount "88"]
[EventDate "2012.11.08"]
[EventType "swiss"]
[EventRounds "11"]
[EventCountry "SLO"]
[SourceTitle "EXT 2013"]
[Source "ChessBase"]
[SourceDate "2012.11.22"]
[SourceVersion "1"]
[SourceVersionDate "2012.11.22"]
[SourceQuality "1"]

1. e4 c5 2. Nf3 Nc6 3. Bb5 g6 4. 0-0 Bg7 5. Re1 Nd4 6. Nxd4 cxd4 7. c3 e6 8. Na3 Ne7 9. Nc2 a6 10. Bf1 Nc6 11. Qf3 0-0 12. a4 d6 13. b4 Qf6 14. Qxf6 Bxf6 15. Ra3 Rd8 16. b5 axb5 17. axb5 Rxa3 18. Bxa3 Na5 19. cxd4 Nb3 20. Bb2 Nxd2 21. Bd3 Nb3 22. Bc3 e5 23. d5 Bd7 24. Bb4 Be7 25. Rb1 Nc5 26. Bxc5 dxc5 27. b6 Ra8 28. Ne3 Ra3 29. Bf1 Ra4 30. Nc4 f6 31. Bd3 Rb4 32. Rxb4 cxb4 33. Na5 Bc8 34. Bc4 Bc5 35. Nc6 Kf8 36. Na5 Bxb6 37. Nb3 Bd7 38. Kf1 Ke7 39. Ke2 Ba4 40. f3 Bxb3 41. Bxb3 Bd4 42. Kd3 b5 43. Bd1 Kd6 44. Bb3 Ke7 1/2-1/2

[Event "Olympiad Women-40"]
[Site "Istanbul"]
[Date "2012.09.07"]
[Round "10.1"]
[White "Sanchez Castillo, Sarai Carolina"]
[Black "Sop, Selen"]
[Result "0-1"]
[WhiteElo "2193"]
[BlackElo "1993"]
[PlyCount "84"]
[EventDate "2012.08.28"]
[EventType "team-swiss"]
[EventRounds "11"]
[EventCountry "TUR"]
[SourceTitle "CBM 150 Extra"]
[Source "ChessBase"]
[SourceDate "2012.10.19"]
[SourceVersion "1"]
[SourceVersionDate "2012.10.19"]
[SourceQuality "1"]
[WhiteTeam "Venezuela (W)"]
[BlackTeam "Turkey 2016 (W)"]
[WhiteTeamCountry "VEN"]
[BlackTeamCountry "TUR"]

1. e4 c5 2. Nf3 d6 3. d4 cxd4 4. Nxd4 Nf6 5. Nc3 a6 6. Bg5 e6 7. f4 Be7 8. Qe2 h6 9. Bh4 Nc6 10. 0-0-0 Qc7 11. Nf3 Nh5 12. Bxe7 Nxe7 13. Qd2 d5 14. e5 g6 15. h4 b5 16. Rh3 Ng7 17. g4 h5 18. gxh5 Nxh5 19. Ng5 Bd7 20. Ne2 Nf5 21. Nd4 Nhg7 22. Nxf5 Nxf5 23. h5 gxh5 24. Bd3 Rc8 25. Bxf5 exf5 26. Rc3 Qb7 27. Rxc8+ Bxc8 28. Qxd5 Qxd5 29. Rxd5 h4 30. Rd2 Bb7 31. Rh2 Ke7 32. Kd2 f6 33. exf6+ Kxf6 34. b3 Kg6 35. c4 bxc4 36. bxc4 Kh5 37. Nf7 Rg8 38. Ne5 Rg3 39. Ke1 Re3+ 40. Kd2 Ra3 41. Kc1 h3 42. Kb2 Rg3 0-1

[Event "Olympiad Women-40"]
[Site "Istanbul"]
[Date "2012.09.05"]
[Round "8.1"]
[White "Sop, Selen"]
[Black "Borda Rivera, Carla Wendy"]
[Result "1-0"]
[WhiteElo "1993"]
[BlackElo "1977"]
[PlyCount "159"]
[EventDate "2012.08.28"]
[EventType "team-swiss"]
[EventRounds "11"]
[EventCountry "TUR"]
[SourceTitle "CBM 150 Extra"]
[Source "ChessBase"]
[SourceDate "2012.10.19"]
[SourceVersion "1"]
[SourceVersionDate "2012.10.19"]
[SourceQuality "1"]
[WhiteTeam "Turkey 2016 (W)"]
[BlackTeam "Bolivia (W)"]
[WhiteTeamCountry "TUR"]
[BlackTeamCountry "BOL"]

1. e4 c6 2. d4 d5 3. Nc3 dxe4 4. Nxe4 Bf5 5. Ng3 Bg6 6. N1e2 e6 7. Nf4 Bd6 8. h4 Qc7 9. Nfh5 Bxh5 10. Qxh5 Bxg3 11. Qg5 Bxf2+ 12. Kxf2 Kf8 13. Bf4 Qe7 14. Qg3 Nf6 15. Qb3 Nd5 16. Be5 f6 17. Bg3 Kf7 18. c4 Nb6 19. Re1 Rd8 20. c5 Nd5 21. Bd3 g6 22. h5 Kg7 23. hxg6 hxg6 24. Bd6 Qf7 25. Be4 Na6 26. Bxd5 cxd5 27. Qe3 g5 28. Qxe6 Qxe6 29. Rxe6 Re8 30. Rhe1 Rxe6 31. Rxe6 Kg6 32. Re7 Nb4 33. Rxb7 Nc6 34. b4 Nxd4 35. b5 Re8 36. a4 Re2+ 37. Kf1 Ra2 38. c6 Nf5 39. Bc5 Rc2 40. Bxa7 d4 41. Rd7 Ne3+ 42. Ke1 Nxg2+ 43. Kf1 Ne3+ 44. Kg1 Nf5 45. Bxd4 g4 46. c7 g3 47. Kh1 Nh4 48. c8Q Rxc8 49. Rd6 Rc1+ 50. Bg1 Nf3 51. Kg2 Nxg1 52. Rc6 Ra1 53. Rc4 Ne2 54. Rb4 Nc3 55. b6 Nd5 56. b7 Nxb4 57. b8Q Rxa4 58. Qe8+ Kg5 59. Qxa4 Nd3 60. Qb5+ Ne5 61. Qe8 Kf4 62. Qh8 f5 63. Qh4+ Ng4 64. Qxg3+ Ke4 65. Qf3+ Ke5 66. Qc3+ Ke4 67. Qb4+ Ke5 68. Kg3 Nf6 69. Qf4+ Ke6 70. Kh4 Ne4 71. Kh5 Kf6 72. Kh6 Ke6 73. Kg7 Nd6 74. Kg6 Ke7 75. Qe5+ Kd7 76. Kf6 Kc6 77. Ke6 Ne8 78. Qd5+ Kb6 79. Qd8+ Nc7+ 80. Kd6 1-0